[Event "España ch Sub-16 2008"]
[Site "Padron ESP"]
[Date "2008.07.21"]
[Round "3.28"]
[White "Castellanos Mendoza, David"]
[Black "Diez Viera, Oscar"]
[Result "1-0"]
[PlyCount "65"]
[EventDate "2008.07.20"]
[EventType "swiss"]
[EventRounds "9"]
[EventCountry "ESP"]
[Source "lmi"]
[SourceDate "2008.07.20"]
[WhiteElo "2073"]
[BlackElo "1882"]

1. e4 c5 2. Nf3 Nc6 3. d4 cxd4 4. Nxd4 Nf6 5. Nc3 d6 6. Be3 Ng4 7. Bg5 a6 8. f3
Nf6 9. Qd2 e6 10. O-O-O Be7 11. g4 Nxd4 12. Qxd4 b5 13. h4 Qa5 14. Bxf6 Bxf6
15. Qxd6 Ra7 16. Kb1 Be7 17. Qd2 b4 18. Ne2 O-O 19. Nc1 e5 20. Bc4 Rc7 21. Bb3
Bc5 22. Nd3 Re8 23. Nxc5 Qxc5 24. g5 a5 25. h5 Kh8 26. g6 f6 27. h6 Qc6 28.
hxg7+ Rxg7 29. Rxh7+ Rxh7 30. gxh7 a4 31. Bd5 Qb6 32. Qg2 a3 33. Qg8+ 1-0

[Event "España ch Sub-16 2008"]
[Site "Padron ESP"]
[Date "2008.07.21"]
[Round "3.29"]
[White "Anaya Lopez, Victor Jose"]
[Black "Sacristan Latorre, Alberto"]
[Result "1-0"]
[PlyCount "51"]
[EventDate "2008.07.20"]
[EventType "swiss"]
[EventRounds "9"]
[EventCountry "ESP"]
[Source "lmi"]
[SourceDate "2008.07.20"]
[WhiteElo "2046"]
[BlackElo "1870"]

1. e4 c5 2. Nf3 d6 3. d4 cxd4 4. Nxd4 Nf6 5. Nc3 a6 6. Bg5 e6 7. f4 Be7 8. Qf3
Qc7 9. O-O-O Nbd7 10. g4 b5 11. Bxf6 Nxf6 12. g5 Nd7 13. f5 Bxg5+ 14. Kb1 Ne5
15. Qh5 Be7 16. Nxe6 Bxe6 17. fxe6 O-O 18. Nd5 Qd8 19. Bh3 Kh8 20. Rhg1 fxe6
21. Bxe6 Bf6 22. Nf4 Qe8 23. Qh3 Rd8 24. Bf5 g6 25. Bxg6 Qd7 26. Bf5 1-0

[Event "España ch Sub-16 2008"]
[Site "Padron ESP"]
[Date "2008.07.21"]
[Round "3.30"]
[White "Marrero Falcon, Hector"]
[Black "Portela Gonzalez, Adrian"]
[Result "1-0"]
[PlyCount "113"]
[EventDate "2008.07.20"]
[EventType "swiss"]
[EventRounds "9"]
[EventCountry "ESP"]
[Source "lmi"]
[SourceDate "2008.07.20"]
[WhiteElo "2044"]
[BlackElo "1858"]

1. e4 d6 2. d4 Nf6 3. Nc3 g6 4. Be3 Bg7 5. h3 c6 6. Bd3 Nbd7 7. f4 e5 8. Nf3
Qe7 9. Qd2 b5 10. a3 a6 11. O-O O-O 12. Qf2 exd4 13. Nxd4 Bb7 14. Nf3 Rfe8 15.
e5 Nd5 16. Nxd5 cxd5 17. Bd4 Nc5 18. exd6 Nxd3 19. dxe7 Nxf2 20. Rxf2 Rxe7 21.
Bxg7 Kxg7 22. Nd4 f5 23. Rd1 Rae8 24. Rfd2 Re4 25. g3 Kf6 26. c3 h6 27. Rf1
R8e7 28. Rff2 Re8 29. Rfe2 Rd8 30. Rf2 Rde8 31. Rde2 Rd8 32. Kf1 a5 33. b4 Ra8
34. Ke1 axb4 35. axb4 Ra1+ 36. Kd2 Ra2+ 37. Kc1 Raxe2 38. Rxe2 Rxe2 39. Nxe2
Bc6 40. Nd4 Bd7 41. Kd2 g5 42. Ke3 Ke7 43. Nf3 g4 44. Ng1 h5 45. h4 d4+ 46.
Kxd4 Kd6 47. Ne2 Be6 48. Nc1 Bc4 49. Nd3 Bd5 50. Ne5 Bg8 51. c4 bxc4 52. Nxc4+
Ke7 53. Ne3 Ke6 54. b5 Bf7 55. b6 Kd6 56. Nxf5+ Kc6 57. b7 1-0

[Event "España ch Sub-16 2008"]
[Site "Padron ESP"]
[Date "2008.07.21"]
[Round "3.31"]
[White "Vila Gonzalez, Daniel"]
[Black "Perez Castellano, Susana"]
[Result "1-0"]
[PlyCount "119"]
[EventDate "2008.07.20"]
[EventType "swiss"]
[EventRounds "9"]
[EventCountry "ESP"]
[Source "lmi"]
[SourceDate "2008.07.20"]
[WhiteElo "2039"]
[BlackElo "1857"]

1. e4 e5 2. Nf3 Nc6 3. Bb5 Nf6 4. O-O Nxe4 5. d4 Nd6 6. Bxc6 dxc6 7. dxe5 Nf5
8. Qxd8+ Kxd8 9. Nc3 Ne7 10. h3 h6 11. Re1 Ng6 12. Be3 Bd7 13. Rad1 Kc8 14. Re2
Be7 15. Red2 Rd8 16. Na4 b6 17. c4 Nf8 18. c5 Kb7 19. b4 Rac8 20. Nd4 Ng6 21.
f4 Be8 22. Rc1 Bd7 23. Kh1 Nh4 24. g4 h5 25. f5 hxg4 26. hxg4 Rh8 27. Kg1 g6
28. f6 Bf8 29. g5 Nf5 30. Nxf5 Bxf5 31. Rc3 Rh4 32. a3 Be6 33. Nb2 Re4 34. Kf2
Rxe5 35. Nd3 Rd5 36. Nf4 Rf5 37. Ke1 Re5 38. Nxe6 Rxe6 39. Rd7 Rce8 40. Kd2 Re5
41. Rxf7 Rd8+ 42. Kc2 Rf5 43. Rd3 Rc8 44. cxb6 axb6 45. Rdd7 c5 46. Bd2 cxb4
47. axb4 Rb5 48. Kb3 Rf5 49. Rh7 Rf3+ 50. Kc2 Rf2 51. Kd3 Kc6 52. b5+ Kxb5 53.
Rxc7 Rd8+ 54. Rhd7 Rxd7+ 55. Rxd7 Bc5 56. Rg7 Rf5 57. Rxg6 Ka4 58. Rg8 b5 59.
g6 Rxf6 60. Ra8+ 1-0

[Event "España ch Sub-16 2008"]
[Site "Padron ESP"]
[Date "2008.07.21"]
[Round "3.32"]
[White "Pozueta Alegria, Adrian"]
[Black "De La Cruz Revilla, Miguel"]
[Result "0-1"]
[PlyCount "102"]
[EventDate "2008.07.20"]
[EventType "swiss"]
[EventRounds "9"]
[EventCountry "ESP"]
[Source "lmi"]
[SourceDate "2008.07.20"]
[WhiteElo "2016"]
[BlackElo "1855"]

1. e4 d6 2. d4 g6 3. Nc3 Bg7 4. Be3 Nf6 5. Be2 O-O 6. h4 e5 7. Qd2 exd4 8. Bxd4
Nc6 9. Be3 Re8 10. f3 Re5 11. O-O-O Be6 12. Nh3 Nb4 13. a3 Ra5 14. Bh6 Bh8 15.
Kb1 Na6 16. Nf4 Qe7 17. Ncd5 Nxd5 18. Nxd5 Bxd5 19. Qxa5 Qe5 20. Qc3 Qxc3 21.
bxc3 Be6 22. Bd2 Nc5 23. g4 b5 24. Kc1 Rb8 25. Be3 Bxc3 26. Bd4 b4 27. axb4
Bxb4 28. Bxc5 dxc5 29. c4 Ba3+ 30. Kd2 Rb3 31. Bd3 Bb4+ 32. Ke2 Rb2+ 33. Ke3 a5
34. Ra1 Bd2+ 35. Kf2 Bc3+ 36. Ke3 Bd2+ 37. Ke2 Bc3+ 38. Ke3 Bd4+ 39. Kf4 Rd2
40. Ra3 a4 41. Rb1 Kg7 42. Rb7 h6 43. Rxc7 g5+ 44. hxg5 hxg5+ 45. Kxg5 Be3+ 46.
f4 Rf2 47. Rxf7+ Kxf7 48. Kh4 Bxf4 49. Bb1 Rh2+ 50. Rh3 Rxh3+ 51. Kxh3 Bxc4 0-1

[Event "España ch Sub-16 2008"]
[Site "Padron ESP"]
[Date "2008.07.21"]
[Round "3.33"]
[White "Molinero Gomez, Sandra"]
[Black "Arregui Untoria, Carlos"]
[Result "0-1"]
[WhiteElo "1849"]
[BlackElo "2012"]
[PlyCount "58"]
[EventDate "2008.07.20"]
[EventType "swiss"]
[EventRounds "9"]
[EventCountry "ESP"]
[Source "lmi"]
[SourceDate "2008.07.20"]

1. e4 c5 2. Nc3 Nc6 3. g3 g6 4. Bg2 Bg7 5. d3 d6 6. f4 Nf6 7. Nf3 O-O 8. O-O
Rb8 9. a4 a6 10. Be3 b5 11. axb5 axb5 12. e5 Nd7 13. d4 cxd4 14. Nxd4 Nxd4 15.
Bxd4 dxe5 16. Ba7 b4 17. Bxb8 bxc3 18. Bxe5 Nxe5 19. Qxd8 Rxd8 20. fxe5 cxb2
21. Ra8 Bxe5 22. Rb1 Rf8 23. Be4 Bd4+ 24. Kg2 f5 25. Bd5+ Kg7 26. Ra3 Rd8 27.
Ra8 Rxd5 28. Rxc8 Ra5 29. Rb8 Ra1 0-1

[Event "España ch Sub-16 2008"]
[Site "Padron ESP"]
[Date "2008.07.21"]
[Round "3.34"]
[White "Gomez Dominguez, Xavier"]
[Black "Sevilla Subiza, Javier"]
[Result "0-1"]
[WhiteElo "1977"]
[BlackElo "1830"]
[PlyCount "50"]
[EventDate "2008.07.20"]
[EventType "swiss"]
[EventRounds "9"]
[EventCountry "ESP"]
[Source "lmi"]
[SourceDate "2008.07.20"]

1. e4 e6 2. Nc3 d5 3. d4 dxe4 4. Nxe4 Qd5 5. Nc3 Bb4 6. Nf3 Nf6 7. Bd2 Bxc3 8.
bxc3 c5 9. Bd3 Nc6 10. Be3 c4 11. Bf1 Ne4 12. Qe2 b5 13. Bd2 Ba6 14. a3 O-O 15.
g3 Nxd2 16. Kxd2 e5 17. Qe3 exd4 18. cxd4 Nxd4 19. Qxd4 Qxf3 20. Be2 c3+ 21.
Qxc3 Rad8+ 22. Bd3 b4 23. axb4 Bxd3 24. cxd3 Qxf2+ 25. Kd1 Rc8 0-1

[Event "España ch Sub-16 2008"]
[Site "Padron ESP"]
[Date "2008.07.21"]
[Round "3.35"]
[White "Silva Rodriguez, Julio"]
[Black "Alonso Macias, Victor"]
[Result "0-1"]
[WhiteElo "1837"]
[BlackElo "1977"]
[PlyCount "50"]
[EventDate "2008.07.20"]
[EventType "swiss"]
[EventRounds "9"]
[EventCountry "ESP"]
[Source "lmi"]
[SourceDate "2008.07.20"]

1. e4 d5 2. exd5 Nf6 3. Nf3 Nxd5 4. d4 Bg4 5. Be2 e6 6. O-O Nc6 7. c4 Nb6 8.
Nc3 Be7 9. d5 exd5 10. cxd5 Nb4 11. Qd4 Bf5 12. Qe5 Bg6 13. Bb5+ Kf8 14. Bf4
Bd6 15. Qd4 Nc2 16. Bxd6+ Qxd6 17. Qd2 Nxa1 18. Rxa1 a6 19. Bd3 Nxd5 20. Rd1
Bxd3 21. Qxd3 Nxc3 22. Qxd6+ cxd6 23. bxc3 Ke7 24. Nd4 g6 25. a4 Rac8 0-1

[Event "España ch Sub-16 2008"]
[Site "Padron ESP"]
[Date "2008.07.21"]
[Round "3.36"]
[White "Conejero Sanchez, Alvaro"]
[Black "Pardo Simon, Leticia"]
[Result "0-1"]
[WhiteElo "1975"]
[BlackElo "1809"]
[PlyCount "59"]
[EventDate "2008.07.20"]
[EventType "swiss"]
[EventRounds "9"]
[EventCountry "ESP"]
[Source "lmi"]
[SourceDate "2008.07.20"]

1. e4 d5 2. exd5 Qxd5 3. Nc3 Qa5 4. g3 c6 5. Bg2 Nf6 6. d3 Bg4 7. Nf3 e6 8. Bd2
Nbd7 9. h3 Bf5 10. Qe2 O-O-O 11. O-O Qc7 12. b4 Bd6 13. b5 c5 14. a4 h5 15. b6
Nxb6 16. Nb5 Qb8 17. Nxd6+ Qxd6 18. Bf4 e5 19. Nxe5 Qe7 20. Rfe1 Be6 21. a5
Nbd5 22. Bg5 Qc7 23. a6 b6 24. c4 Nb4 25. Bb7+ Kb8 26. Ra4 Rd6 27. Qf3 Bc8 28.
Bxc8 Qxc8 29. Nxf7 Rxd3 30. Bf4+ 0-1

[Event "España ch Sub-16 2008"]
[Site "Padron ESP"]
[Date "2008.07.21"]
[Round "3.37"]
[White "Picazo Lopez, Ignacio"]
[Black "Lopez Grana, Carmen"]
[Result "1-0"]
[WhiteElo "1973"]
[BlackElo "1764"]
[PlyCount "111"]
[EventDate "2008.07.20"]
[EventType "swiss"]
[EventRounds "9"]
[EventCountry "ESP"]
[Source "lmi"]
[SourceDate "2008.07.20"]

1. e4 e6 2. d4 d5 3. Bd3 Nf6 4. Bg5 dxe4 5. Bxe4 c5 6. Bxf6 Qxf6 7. Nf3 Nc6 8.
c3 cxd4 9. cxd4 Bb4+ 10. Nc3 O-O 11. O-O Rd8 12. Bxc6 bxc6 13. Qa4 Bxc3 14.
bxc3 Bd7 15. Ne5 Be8 16. Qc4 Qe7 17. Nd3 Qg5 18. f4 Qd5 19. Qc5 Qe4 20. Nb4 a5
21. Rae1 Qg6 22. Nxc6 Bxc6 23. Qxc6 Rdc8 24. Qd7 Rd8 25. Qc6 Rdc8 26. Qf3 Qc2
27. f5 exf5 28. Qxf5 Qxf5 29. Rxf5 Rxc3 30. Re7 f6 31. Rb5 g6 32. Rbb7 Rd3 33.
Rg7+ Kh8 34. Rxh7+ Kg8 35. Rbg7+ Kf8 36. Rxg6 Ra6 37. Rgg7 Rxd4 38. Rb7 Kg8 39.
Rhc7 Ra8 40. Rg7+ Kh8 41. Rh7+ Kg8 42. h4 Rb8 43. Ra7 Rb5 44. Rhc7 Rd8 45. Rg7+
Kh8 46. Rh7+ Kg8 47. h5 Rg5 48. Rhf7 Rd2 49. Rxf6 Rxh5 50. Rb6 Rd8 51. a4 Rg5
52. Rb5 Rd1+ 53. Kh2 Rxb5 54. axb5 Ra1 55. b6 Rb1 56. b7 1-0

[Event "España ch Sub-16 2008"]
[Site "Padron ESP"]
[Date "2008.07.21"]
[Round "3.38"]
[White "Santana Montero, Pedro Luis"]
[Black "Lorenzo Serrano, Henar"]
[Result "1/2-1/2"]
[WhiteElo "1969"]
[BlackElo "1745"]
[PlyCount "56"]
[EventDate "2008.07.20"]
[EventType "swiss"]
[EventRounds "9"]
[EventCountry "ESP"]
[Source "lmi"]
[SourceDate "2008.07.20"]

1. e4 c5 2. Nf3 e6 3. d4 cxd4 4. Nxd4 Nf6 5. Nc3 Nc6 6. Ndb5 Bb4 7. a3 Bxc3+ 8.
Nxc3 d5 9. exd5 exd5 10. Bd3 O-O 11. O-O d4 12. Ne2 Re8 13. Nf4 Ne5 14. b3 Qd6
15. Bb5 Re7 16. Bb2 a6 17. Be2 Neg4 18. Qxd4 Qxd4 19. Bxd4 Re4 20. Bxf6 Nxf6
21. g3 g5 22. Nh5 Rxe2 23. Nxf6+ Kg7 24. Nd5 Rxc2 25. Nb6 Rb8 26. Rfc1 Rxc1+
27. Rxc1 Be6 28. b4 Rd8 1/2-1/2

[Event "España ch Sub-16 2008"]
[Site "Padron ESP"]
[Date "2008.07.21"]
[Round "3.39"]
[White "Alonso Caamano, Ruben"]
[Black "Rioboo De Larriva, Alvaro"]
[Result "1-0"]
[WhiteElo "1832"]
[BlackElo "1964"]
[PlyCount "110"]
[EventDate "2008.07.20"]
[EventType "swiss"]
[EventRounds "9"]
[EventCountry "ESP"]
[Source "lmi"]
[SourceDate "2008.07.20"]

1. Nf3 e6 2. g3 f5 3. d4 Nf6 4. Bg2 d6 5. c4 Be7 6. Nc3 O-O 7. O-O Ne4 8. Qc2
Nxc3 9. Qxc3 a5 10. Rd1 Bf6 11. Qc2 Nc6 12. Be3 Qe7 13. a3 Kh8 14. d5 Ne5 15.
Nxe5 Bxe5 16. dxe6 Bxe6 17. Bd4 c6 18. e3 c5 19. Bxe5 dxe5 20. Bd5 Rad8 21.
Bxe6 Qxe6 22. b3 f4 23. Rxd8 Rxd8 24. Rd1 Rf8 25. Qe2 f3 26. Qf1 h6 27. Qd3 Qh3
28. Qf1 Qg4 29. Qd3 Rf7 30. Qf1 Rf6 31. Rd5 Rb6 32. h3 Qf5 33. g4 Qc2 34. Rd8+
Kh7 35. Qd3+ Qxd3 36. Rxd3 e4 37. Rc3 Kg6 38. Kh2 h5 39. Kg3 hxg4 40. Kxg4 Kf6
41. Kf4 Re6 42. h4 Kg6 43. Rc1 Kh5 44. Rg1 g6 45. Rg5+ Kxh4 46. Rxc5 b6 47. Rd5
g5+ 48. Kf5 Re8 49. Rd1 Kh3 50. Rg1 g4 51. Rg3+ Kh2 52. Rxg4 a4 53. bxa4 Ra8
54. Kxe4 Rxa4 55. Kxf3 Rxa3 1-0

[Event "España ch Sub-16 2008"]
[Site "Padron ESP"]
[Date "2008.07.21"]
[Round "3.40"]
[White "Perez Gonzalez, Angela"]
[Black "Aranaz Murillo, Amalia"]
[Result "0-1"]
[WhiteElo "1822"]
[BlackElo "1959"]
[PlyCount "64"]
[EventDate "2008.07.20"]
[EventType "swiss"]
[EventRounds "9"]
[EventCountry "ESP"]
[Source "lmi"]
[SourceDate "2008.07.20"]

1. d4 d5 2. Nf3 Nf6 3. c4 c6 4. g3 dxc4 5. Na3 b5 6. Bg2 Bb7 7. Ne5 a6 8. O-O
e6 9. Nc2 Be7 10. Bd2 O-O 11. Bb4 Bxb4 12. Nxb4 Nd5 13. Nc2 Nd7 14. Nf3 Qc7 15.
Rc1 Rfd8 16. Na3 Qa5 17. Qc2 Qb6 18. b3 cxb3 19. Qxb3 c5 20. dxc5 Nxc5 21. Qb2
Na4 22. Qb3 Ndc3 23. Rxc3 Nxc3 24. Qxc3 Rac8 25. Qb4 Bd5 26. Qb2 Qc7 27. Nc2
Qxc2 28. Qe5 Qc7 29. Qh5 h6 30. a3 Bxf3 31. Bxf3 Qc5 32. Qh4 Qxa3 0-1

[Event "España ch Sub-16 2008"]
[Site "Padron ESP"]
[Date "2008.07.21"]
[Round "3.41"]
[White "Alshameary Puente, Ismael"]
[Black "Olabe Odriozola, Eduardo"]
[Result "1-0"]
[WhiteElo "1951"]
[BlackElo "1728"]
[PlyCount "51"]
[EventDate "2008.07.20"]
[EventType "swiss"]
[EventRounds "9"]
[EventCountry "ESP"]
[Source "lmi"]
[SourceDate "2008.07.20"]

1. e4 c5 2. Nc3 e6 3. f4 d5 4. e5 Nc6 5. Nf3 Nge7 6. g3 a6 7. a4 Qa5 8. Bg2 b5
9. O-O Nf5 10. Ne2 c4 11. d4 cxd3 12. cxd3 Qb6+ 13. Kh1 Bc5 14. axb5 Qxb5 15.
d4 Ba7 16. Bh3 Nfe7 17. Ra3 Rb8 18. f5 exf5 19. Nh4 O-O 20. Nxf5 Nxf5 21. Bxf5
Nxd4 22. Bd3 Qb6 23. Nxd4 Qxd4 24. Be3 Qxe5 25. Bxa7 Rxb2 26. Bd4 1-0

[Event "España ch Sub-16 2008"]
[Site "Padron ESP"]
[Date "2008.07.21"]
[Round "3.42"]
[White "Colom Sienes, Eduardo"]
[Black "Martinez Gonzalez, Francisco"]
[Result "1-0"]
[WhiteElo "1950"]
[BlackElo "1721"]
[PlyCount "46"]
[EventDate "2008.07.20"]
[EventType "swiss"]
[EventRounds "9"]
[EventCountry "ESP"]
[Source "lmi"]
[SourceDate "2008.07.20"]

1. e4 d5 2. exd5 Qxd5 3. Nc3 Qe5+ 4. Nge2 c6 5. d4 Qc7 6. Bf4 Qd8 7. Qd2 Bf5 8.
Ng3 Bg6 9. h4 h6 10. Bc4 Nf6 11. O-O-O e6 12. Rhe1 Bd6 13. Bxe6 fxe6 14. Rxe6+
Be7 15. Rde1 Bf7 16. Rxe7+ Qxe7 17. Rxe7+ Kxe7 18. Nf5+ Kd7 19. d5 cxd5 20. Na4
Na6 21. Qe2 Ne4 22. Qb5+ Ke6 23. Qxb7 Kxf5 1-0

[Event "España ch Sub-16 2008"]
[Site "Padron ESP"]
[Date "2008.07.21"]
[Round "3.43"]
[White "Vega Sanchez, Tania"]
[Black "Moral Garcia, Serafin"]
[Result "0-1"]
[WhiteElo "1807"]
[BlackElo "1948"]
[PlyCount "70"]
[EventDate "2008.07.20"]
[EventType "swiss"]
[EventRounds "9"]
[EventCountry "ESP"]
[Source "lmi"]
[SourceDate "2008.07.20"]

1. e4 e5 2. Nf3 Nc6 3. Bc4 Bc5 4. d3 Nf6 5. Bg5 d6 6. h3 Be6 7. Bb3 Qd7 8. Nc3
h6 9. Be3 Bb6 10. Ba4 O-O-O 11. d4 exd4 12. Nxd4 d5 13. e5 Ne4 14. Nce2 Nc5 15.
Bb5 a6 16. Nxc6 bxc6 17. Bxc5 axb5 18. Bxb6 cxb6 19. a4 bxa4 20. Rxa4 Kb7 21.
O-O Ra8 22. Ra1 Rxa1 23. Qxa1 Ra8 24. Qc1 c5 25. Rd1 Ra4 26. f3 Ra8 27. Nc3 Qc6
28. Qd2 b5 29. Ne2 Rd8 30. Ra1 d4 31. Qa5 Qb6 32. Qxb6+ Kxb6 33. Ra3 Bf5 34. c3
d3 35. Nf4 d2 0-1

[Event "España ch Sub-16 2008"]
[Site "Padron ESP"]
[Date "2008.07.21"]
[Round "3.44"]
[White "Dosuna Aguilar, Endika"]
[Black "Villar Perez, Samuel"]
[Result "1/2-1/2"]
[WhiteElo "1802"]
[BlackElo "1937"]
[PlyCount "78"]
[EventDate "2008.07.20"]
[EventType "swiss"]
[EventRounds "9"]
[EventCountry "ESP"]
[Source "lmi"]
[SourceDate "2008.07.20"]

1. e4 c5 2. Nf3 Nc6 3. d4 cxd4 4. Nxd4 Nf6 5. Nc3 e6 6. Ndb5 d6 7. Bf4 e5 8.
Bg5 a6 9. Na3 b5 10. Nd5 Be7 11. Bxf6 Bxf6 12. Nb1 Bg5 13. Nd2 Ne7 14. Nf3 Bh6
15. a4 bxa4 16. Rxa4 O-O 17. Bc4 a5 18. O-O Kh8 19. Re1 f5 20. Nxe7 Qxe7 21.
Bd5 Ra7 22. Qd3 f4 23. Rea1 g5 24. Rxa5 Rxa5 25. Rxa5 g4 26. Nd2 g3 27. hxg3
fxg3 28. fxg3 Qg5 29. Nf3 Qxg3 30. Ra8 Kg7 31. Ra7+ Kg6 32. Bf7+ Rxf7 33. Qxd6+
Rf6 34. Nxe5+ Qxe5 35. Qxe5 Be3+ 36. Kh1 Rf1+ 37. Kh2 Bg1+ 38. Kg3 Bf2+ 39. Kh2
Bg1+ 1/2-1/2

[Event "España ch Sub-16 2008"]
[Site "Padron ESP"]
[Date "2008.07.21"]
[Round "3.45"]
[White "Palomo Teruel, Xavier"]
[Black "Lopez Garralon, Miguel"]
[Result "0-1"]
[WhiteElo "1931"]
[BlackElo "1693"]
[PlyCount "62"]
[EventDate "2008.07.20"]
[EventType "swiss"]
[EventRounds "9"]
[EventCountry "ESP"]
[Source "lmi"]
[SourceDate "2008.07.20"]

1. d4 d5 2. c4 e6 3. Nc3 c5 4. cxd5 exd5 5. Nf3 Nc6 6. g3 c4 7. Bg2 Bb4 8. O-O
Nge7 9. e4 Bxc3 10. bxc3 O-O 11. e5 Bf5 12. Nh4 Bd3 13. Re1 b5 14. f4 a5 15. g4
b4 16. f5 bxc3 17. f6 gxf6 18. exf6 Ng6 19. Bg5 Qb6 20. Nf5 Rad8 21. Qf3 Nxd4
22. Nxd4 Qxd4+ 23. Kh1 Ne5 24. Qh3 Nxg4 25. Be3 Nxe3 26. Rxe3 Qxf6 27. Rxd3
cxd3 28. Rg1 Kh8 29. Bf1 Rg8 30. Rxg8+ Rxg8 31. Bxd3 Qg7 0-1

[Event "España ch Sub-16 2008"]
[Site "Padron ESP"]
[Date "2008.07.21"]
[Round "3.46"]
[White "Coll Ortega, Cristina"]
[Black "Gonzalez Laso, Adrian"]
[Result "1-0"]
[WhiteElo "1775"]
[BlackElo "1927"]
[PlyCount "57"]
[EventDate "2008.07.20"]
[EventType "swiss"]
[EventRounds "9"]
[EventCountry "ESP"]
[Source "lmi"]
[SourceDate "2008.07.20"]

1. e4 c5 2. Nf3 Nc6 3. Bb5 Qc7 4. O-O e6 5. b3 Nge7 6. Bb2 b6 7. Re1 Bb7 8. Nc3
a6 9. Bf1 Ng6 10. Ne2 f6 11. a3 Bd6 12. Rc1 O-O 13. d4 cxd4 14. Nexd4 Nxd4 15.
Qxd4 Rfd8 16. c4 Bf4 17. Rc3 Ne5 18. h3 Nxf3+ 19. Rxf3 Be5 20. Qd2 Bxb2 21.
Qxb2 d5 22. exd5 exd5 23. cxd5 Bxd5 24. Rfe3 Rd7 25. Qe2 Kf7 26. Qh5+ g6 27.
Qxh7+ Kf8 28. Qxg6 Bf7 29. Qh6+ 1-0

[Event "España ch Sub-16 2008"]
[Site "Padron ESP"]
[Date "2008.07.21"]
[Round "3.47"]
[White "Carballo Noya, Miguel"]
[Black "Galan Martin, Alejandro"]
[Result "1/2-1/2"]
[WhiteElo "1726"]
[BlackElo "1925"]
[PlyCount "73"]
[EventDate "2008.07.20"]
[EventType "swiss"]
[EventRounds "9"]
[EventCountry "ESP"]
[Source "lmi"]
[SourceDate "2008.07.20"]

1. e4 e6 2. d4 d5 3. e5 c5 4. c3 Nc6 5. Nf3 Bd7 6. Be3 cxd4 7. cxd4 Qb6 8. Qd2
Nge7 9. Nc3 Nf5 10. Rc1 Bb4 11. a3 Bxc3 12. Rxc3 O-O 13. Bd3 Rfc8 14. g4 Nxe3
15. fxe3 Na5 16. Qf2 Qd8 17. h4 Rxc3 18. bxc3 Qe7 19. Ng5 h6 20. Qf4 Nc4 21.
Nh7 Nb2 22. Bb1 Bb5 23. Nf6+ Kh8 24. g5 Rc8 25. gxh6 gxf6 26. exf6 Qxa3 27. h7
Qxc3+ 28. Kf2 Qd2+ 29. Kg3 Nc4 30. Qg4 Qxe3+ 31. Kh2 Qf2+ 32. Kh3 Qe3+ 33. Kh2
Qd2+ 34. Kh3 Qc3+ 35. Kh2 Qb2+ 36. Kh3 Qa3+ 37. Kh2 1/2-1/2

[Event "España ch Sub-16 2008"]
[Site "Padron ESP"]
[Date "2008.07.21"]
[Round "3.48"]
[White "Escudeiro Tilve, Ramon"]
[Black "Bascunada Gonzalez, Sergio"]
[Result "0-1"]
[WhiteElo "1925"]
[BlackElo "1645"]
[PlyCount "32"]
[EventDate "2008.07.20"]
[EventType "swiss"]
[EventRounds "9"]
[EventCountry "ESP"]
[Source "lmi"]
[SourceDate "2008.07.20"]

1. e4 e5 2. Nf3 Nf6 3. Nxe5 d6 4. Nf3 Nxe4 5. Nc3 Nxc3 6. dxc3 Be7 7. Be3 Nc6
8. Bc4 O-O 9. h4 Ne5 10. Nxe5 dxe5 11. Qh5 Qd6 12. Bd3 f5 13. O-O-O Qe6 14. b3
Qc6 15. g4 Qxc3 16. gxf5 Ba3+ 0-1

[Event "España ch Sub-16 2008"]
[Site "Padron ESP"]
[Date "2008.07.21"]
[Round "3.49"]
[White "Gonzalez Carro, Victor"]
[Black "Remoli Sargues, Lidia"]
[Result "1/2-1/2"]
[WhiteElo "1656"]
[BlackElo "1924"]
[PlyCount "59"]
[EventDate "2008.07.20"]
[EventType "swiss"]
[EventRounds "9"]
[EventCountry "ESP"]
[Source "lmi"]
[SourceDate "2008.07.20"]

1. e4 c5 2. Nf3 Nc6 3. d4 cxd4 4. Nxd4 g6 5. Nc3 Bg7 6. Be3 Nf6 7. Nb3 O-O 8.
Be2 a5 9. a4 d6 10. f4 Be6 11. O-O Nb4 12. Bf3 Bc4 13. Rf2 Nd7 14. Rd2 Ra6 15.
e5 Qb8 16. Nb5 Be6 17. c3 Nc6 18. exd6 exd6 19. Rxd6 Re8 20. Nc5 Nxc5 21. Bxc5
Bf8 22. Be2 Qc8 23. Ba3 Bb3 24. Qxb3 Rxe2 25. Rdd1 Bxa3 26. Nxa3 Qg4 27. Qd5
Qxf4 28. Rf1 Qe3+ 29. Kh1 Qe6 30. Qxe6 1/2-1/2

[Event "España ch Sub-16 2008"]
[Site "Padron ESP"]
[Date "2008.07.21"]
[Round "3.50"]
[White "Cubillo Munoz, Miguel"]
[Black "Aguirre Alvarez, Marina"]
[Result "1-0"]
[WhiteElo "1923"]
[BlackElo "1636"]
[PlyCount "49"]
[EventDate "2008.07.20"]
[EventType "swiss"]
[EventRounds "9"]
[EventCountry "ESP"]
[Source "lmi"]
[SourceDate "2008.07.20"]

1. d4 d5 2. c4 e6 3. Nc3 Nf6 4. Bg5 h6 5. Bxf6 gxf6 6. cxd5 exd5 7. e3 c6 8.
Nge2 Qb6 9. Qc2 Bg4 10. f3 Bh5 11. Nf4 Bg6 12. Nxg6 fxg6 13. Qxg6+ Ke7 14.
O-O-O Nd7 15. e4 dxe4 16. d5 Re8 17. dxc6 bxc6 18. Nxe4 Rb8 19. Rd2 Qe3 20. Bc4
Rb7 21. Qf7+ Kd8 22. Qxf6+ Kc7 23. Qxh8 Ba3 24. bxa3 Qxa3+ 25. Kc2 1-0

[Event "España ch Sub-16 2008"]
[Site "Padron ESP"]
[Date "2008.07.22"]
[Round "4.1"]
[White "Alonso Rosell, Alvar"]
[Black "Martin Fuentes, Alberto"]
[Result "1/2-1/2"]
[PlyCount "82"]
[EventDate "2008.07.20"]
[EventType "swiss"]
[EventRounds "9"]
[EventCountry "ESP"]
[Source "lmi"]
[SourceDate "2008.07.20"]
[WhiteElo "2393"]
[BlackElo "2124"]

1. d4 Nf6 2. Nf3 g6 3. c4 c5 4. d5 b5 5. Qc2 d6 6. e4 bxc4 7. Bxc4 Bg7 8. O-O
O-O 9. Nc3 Ba6 10. Bxa6 Nxa6 11. Qe2 Qb6 12. Nd2 Nc7 13. Nc4 Qa6 14. Bg5 Rfe8
15. Rac1 Nd7 16. b3 Nb6 17. Bf4 Nxc4 18. bxc4 Rab8 19. Nd1 e5 20. Be3 Rb4 21.
Rc2 Na8 22. Nb2 Reb8 23. Nd3 Rb1 24. f3 Rxf1+ 25. Kxf1 Nb6 26. Kf2 Qa4 27. Nc1
f5 28. exf5 gxf5 29. Nb3 Nd7 30. Bd2 Nf6 31. Bc3 Qd7 32. Na5 e4 33. Rb2 Rb6 34.
Rxb6 axb6 35. Bxf6 bxa5 36. Bxg7 Qxg7 37. fxe4 Qd4+ 38. Kf3 Qc3+ 39. Kf2 Qd4+
40. Kf3 Qc3+ 41. Kf2 Qd4+ 1/2-1/2

[Event "España ch Sub-16 2008"]
[Site "Padron ESP"]
[Date "2008.07.22"]
[Round "4.2"]
[White "Gago Padreny, Ignacio"]
[Black "Arribas Lopez, Angel"]
[Result "1-0"]
[PlyCount "93"]
[EventDate "2008.07.20"]
[EventType "swiss"]
[EventRounds "9"]
[EventCountry "ESP"]
[Source "lmi"]
[SourceDate "2008.07.20"]
[WhiteElo "2169"]
[BlackElo "2332"]

1. d4 Nf6 2. c4 g6 3. Nc3 Bg7 4. e4 d6 5. Nf3 O-O 6. Be2 e5 7. O-O Nc6 8. d5
Ne7 9. b4 a5 10. Ba3 b6 11. bxa5 Nh5 12. Re1 f5 13. Bb4 bxa5 14. Ba3 Nf4 15.
Bf1 fxe4 16. Nxe4 Bg4 17. Kh1 Nf5 18. Qb3 Bh6 19. c5 a4 20. Qc3 Nh5 21. Nfd2
Bxd2 22. Qxd2 Nd4 23. cxd6 Qh4 24. Re3 Rf4 25. g3 Bf3+ 26. Rxf3 Nxf3 27. gxh4
Nxd2 28. Nxd2 cxd6 29. Bxd6 Rxf2 30. Ne4 Rf3 31. Bg2 Rd3 32. Bxe5 Re8 33. Nf2
Re3 34. Ng4 R3xe5 35. Nxe5 Rxe5 36. d6 Kf7 37. Rf1+ Ke6 38. Rd1 Kd7 39. Bc6+
Kd8 40. Rf1 Rf5 41. Rb1 Kc8 42. d7+ Kc7 43. Rb8 Rf1+ 44. Kg2 Rd1 45. Rc8+ Kb6
46. Bxa4 Nf4+ 47. Kg3 1-0